000 00364nam a2200121 4500
999 _c12225
_d12225
008 190118b ||||| |||| 00| 0 eng d
100 _934587
_aEstacio, Danny J.
245 _aDrug suspect killed in shootout with Quezon cops/
_cDanny J. Estacio
260 _aPhilippines
_bManila Bulletin
_cc2018
300 _apage 5.
650 0 _934588
_aDrugs.
942 _2ddc
_cPER